El pliegue.

Saved in:
Bibliografiske detaljer
Hovedforfatter: Deleuze, Gilles (autor)
Format: Bog
Sprog:spansk
Udgivet: Barcelona, España: Paidós Ibérica, 1989.
Udgivelse:1ª edición. 13ª impresión.
Serier:Paidós Studio-Básica,
Fag:
Tags: Tilføj Tag
Ingen Tags, Vær først til at tagge denne postø!

MARC

LEADER 00000nam a2200000 a 4500
001 UCL5525
003 CL-VaPUC
005 20230710161145.0
008 040312e19890000SP |||||||||||||||||spa|d
999 |c 308050  |d 308048 
020 |a 8475095569 
040 |c Pontificia Universidad Católica de Valparaíso 
082 0 4 |a 194 DEL 1989  |2 21 
100 0 |a Deleuze, Gilles  |e autor  |9 483230 
245 1 3 |a El pliegue. 
250 |a 1ª edición. 13ª impresión.  
260 |a Barcelona, España:  |b Paidós Ibérica,   |c 1989. 
300 |a 177 páginas.  
490 0 |a Paidós Studio-Básica,   |n  48. 
583 |a last modification  |c 20040312 00:00:00  |k Rodrigo Vera 
650 0 |a Filosofía francesa   |9 255698 
650 0 |a Filosofía del arte  |9 264951 
942 |c BK  |2 ddc 
945 |d 20040312 00:00:00  |a cmena 
952 |0 0  |1 0  |4 0  |6 194_000000000000000_DEL_1989  |7 0  |8 A  |9 374272  |a BIBARQ  |b BIBARQ  |d 2019-11-21  |i 3966739  |l 2  |o 194 DEL 1989  |p 3966739  |r 2025-01-20  |s 2024-05-13  |w 2019-11-21  |y BK  |k ARQ 
952 |0 0  |1 0  |4 0  |6 194_000000000000000_DEL_1989  |7 0  |8 A  |9 374273  |a BIBARQ  |b BIBARQ  |d 2019-11-21  |i 4080483  |l 1  |o 194 DEL 1989  |p 4080483  |r 2025-01-20  |s 2024-08-19  |w 2019-11-21  |y BK  |k ARQ 
952 |0 0  |1 0  |2 ddc  |4 0  |6 194_000000000000000_DEL_1989  |7 0  |8 A  |9 590809  |a BIBEDU  |b BIBEDU  |c GEN  |d 2023-07-10  |e 3  |g 21200.00  |i 5658011  |o 194 DEL 1989  |p 5658011  |r 2023-07-10  |t 3  |v 21200.00  |w 2023-07-10  |y BK  |k LIT